El Sistema Interamericano de Derechos Humanos y su incidencia en materia penal / (Registro nro. 5546)
[ vista simple ]
| 000 -LEADER | |
|---|---|
| fixed length control field | 01559nab a22002897a 4500 |
| 003 - CONTROL NUMBER IDENTIFIER | |
| control field | OSt |
| 005 - DATE AND TIME OF LATEST TRANSACTION | |
| control field | 20251215155824.0 |
| 008 - FIXED-LENGTH DATA ELEMENTS--GENERAL INFORMATION | |
| fixed length control field | 190429b xxu||||| |||| 00| 0 spa d |
| 040 ## - CATALOGING SOURCE | |
| Transcribing agency | PJ |
| 100 ## - MAIN ENTRY--PERSONAL NAME | |
| 9 (RLIN) | 4594 |
| Personal name | Ariza Clerici, Rodolfo |
| 245 13 - TITLE STATEMENT | |
| Title | El Sistema Interamericano de Derechos Humanos y su incidencia en materia penal / |
| Statement of responsibility, etc | Rodolfo A. Ariza Clerici, Leandro A. Martínez. |
| 260 ## - PUBLICATION, DISTRIBUTION, ETC. (IMPRINT) | |
| Date of publication, distribution, etc | Ciudad Autónoma de Buenos Aires : |
| Place of publication, distribution, etc | Thomson Reuters La Ley, |
| Name of publisher, distributor, etc | 2025. |
| 300 ## - PHYSICAL DESCRIPTION | |
| Extent | p. 3-15 |
| 500 ## - GENERAL NOTE | |
| General note | Cita: AR/DOC/2821/2023. |
| 505 ## - FORMATTED CONTENTS NOTE | |
| Formatted contents note | Sumario: I. Planteo.— II. Derechos Humanos y Derechos Constitucionales en el Sistema Interamericano y en el Sistema Argentino.— III. La sanción a los crímenes de lesa humanidad, el respeto de los derechos y de las garantías fundamentales en la Argentina y en el Sistema Interamericano.— IV. Crítica y reflexión acerca de la jurisprudencia de la Corte IDH.— V. Conclusión. |
| 505 ## - FORMATTED CONTENTS NOTE | |
| Title | Si te interesa el texto completo, solicitalo a koha@justierradelfuego.gov.ar |
| 650 #0 - SUBJECT ADDED ENTRY--TOPICAL TERM | |
| 9 (RLIN) | 343 |
| Topical term or geographic name as entry element | DERECHO PENAL |
| 650 #0 - SUBJECT ADDED ENTRY--TOPICAL TERM | |
| 9 (RLIN) | 614 |
| Topical term or geographic name as entry element | DERECHOS HUMANOS |
| 650 #0 - SUBJECT ADDED ENTRY--TOPICAL TERM | |
| 9 (RLIN) | 3377 |
| Topical term or geographic name as entry element | CORTE INTERAMERICANA DE DERECHOS HUMANOS |
| 650 #0 - SUBJECT ADDED ENTRY--TOPICAL TERM | |
| 9 (RLIN) | 615 |
| Topical term or geographic name as entry element | DERECHOS Y GARANTIAS CONSTITUCIONALES |
| 650 #0 - SUBJECT ADDED ENTRY--TOPICAL TERM | |
| 9 (RLIN) | 180 |
| Topical term or geographic name as entry element | DEBIDO PROCESO |
| 650 #0 - SUBJECT ADDED ENTRY--TOPICAL TERM | |
| 9 (RLIN) | 586 |
| Topical term or geographic name as entry element | DEFENSA EN JUICIO |
| 650 #0 - SUBJECT ADDED ENTRY--TOPICAL TERM | |
| 9 (RLIN) | 6334 |
| Topical term or geographic name as entry element | CRÍMENES DE LESA HUMANIDAD |
| 700 ## - ADDED ENTRY--PERSONAL NAME | |
| 9 (RLIN) | 6525 |
| Personal name | Martínez, Leandro A. |
| 773 0# - HOST ITEM ENTRY | |
| Host Biblionumber | 2658 |
| Host Itemnumber | 3164 |
| Title | Revista de derecho penal y criminología. Nº 3 - Abril 2024 |
| Place, publisher, and date of publication | Ciudad Autónoma de Buenos Aires : Thomson Reuters La Ley, 2017- |
| International Standard Serial Number | 00347914 |
| 942 ## - ADDED ENTRY ELEMENTS (KOHA) | |
| Source of classification or shelving scheme | |
| Koha item type | Analítica Artículo de Revista |
No hay ítems disponibles.
